Hodnotenie práce územnej samosprávy informácie o výkone štátnej správy v obciach a vyšších územných celkoch
Správa o činnosti obcí a vyšších územných celkov (VÚC) v oblasti preneseného výkonu štátnej správy za rok 2003. Prehľad aktivít, manažmentu, osobných, materiálnych a technických možností. Samosprávy prebrali aktivity v stavebníctve, životnom prostredí, ochrane prírody, školstve, doprave a registroch...
Na minha lista:
| Formato: | Capítulo de Livro |
|---|---|
| Idioma: | eslovaco |
| Assuntos: | |
| Tags: |
Sem tags, seja o primeiro a adicionar uma tag!
|
MARC
| LEADER | 00000naa$a2200000$$$4500 | ||
|---|---|---|---|
| 001 | 0020857 | ||
| 005 | 20231016083618.0 | ||
| 041 | 0 | |a slo | |
| 044 | |a SK | ||
| 245 | 1 | 0 | |a Hodnotenie práce územnej samosprávy |b informácie o výkone štátnej správy v obciach a vyšších územných celkoch |
| 520 | |a Správa o činnosti obcí a vyšších územných celkov (VÚC) v oblasti preneseného výkonu štátnej správy za rok 2003. Prehľad aktivít, manažmentu, osobných, materiálnych a technických možností. Samosprávy prebrali aktivity v stavebníctve, životnom prostredí, ochrane prírody, školstve, doprave a registroch. VÚC sa orientujú na stredné školy, vzdelávacie centrá, dopravu a šport. Pokrač. | ||
| 610 | 2 | 0 | |a správa štátna |
| 610 | 2 | 0 | |a obce |
| 610 | 2 | 0 | |a vyššie územné celky |
| 610 | 2 | 0 | |a stavebníctvo |
| 610 | 2 | 0 | |a školstvo |
| 610 | 2 | 0 | |a ochrana prostredia životného |
| 610 | 2 | 0 | |a doprava |
| 610 | 2 | 0 | |a šport |
| 610 | 2 | 0 | |a 2003 |